00434nam a2200157Ia 4500008004100000040001900041041001200060082002300072100002000095245005800115260002500173300002900198504001900227650001400246850001600260131103s9999 xx 000 0 und d aLoreto College aEnglish aREF/PbLCBED/12028 aHopkins, Antony 4aThe new Joy of knowledge encyclopediacAntony Hopkins aLondonbOriolec1989 aV.1b ill., pic.c 25cm. aIncludes index aRefarence aLCBED/REF/P